Maková pole / (Záznam č. 34264)

Podrobnosti MARC
000 -Návěští
Řídící pole kódované 24B 02368nam a2200397 i 4500
001 - Kontrolní číslo
Řídící pole proměnné 5239619
003 - Identifikátor kontrolního čísla
Řídící pole proměnné CZ PrSKC
005 - Datum posledního zpracování
Řídící pole 16B 20260511085324.0
007 - Pole pevné délky pro fyzický popis
Řídící pole kódované ta
008 - Údaje pevné délky
Řídící pole kódované 40B 260507s2026 xr g 000 f cze
020 ## - ISBN
ISBN 9788027760640
Dostupnost Kč 449,00
040 ## - Zdroj katalogizace-agentura
Agentura původní katalogizace ABG001
Jazyk katalogizace cze
Použitá pravidla popisu rda
041 1# - Kód jazyka
Kód jazyka textu/zvuku, mezititulků cze
Kód jazyka originálu eng
072 #7 - Kód předmětové kategorie - Konspekt
Předmětová kategorie 821.111(73)-3
Zpřesnění předmětové kategorie Americká próza
Zdroj předmětové klasifikace Konspekt
080 ## - MDT
Klasifikační znak MDT 821.111(73)-31
Idetifikátor vydání MDT MRF
080 ## - MDT
Klasifikační znak MDT (0:82-311.9)
Idetifikátor vydání MDT MRF
100 1# - Hlavní záhlaví - osobní jméno autora
Osobní jméno Erlick, Nikki
Kód role aut
9 (RLIN) 20745
240 10 - Unifikovaný název
Unifikovaný název <a href="Poppy fields.">Poppy fields.</a>
Jazyk díla Česky
245 10 - Údaje o názvu
Název Maková pole /
Údaj o odpovědností, atd. Nikki Erlick ; přeložila Lenka Faltejsková
264 #1 - Nakladatelské údaje
Místo vydání Praha :
Nakladatel Dobrovský s.r.o.,
Rok vydání 2026
300 ## - Fyzický popis
Rozsah 341 stran ;
Rozměry 21 cm
490 1# - Údaje o edici
Údaje o edici Kontrast
490 1# - Údaje o edici
Údaje o edici Fobos
500 ## - Všeobecná poznámka
Text obecné poznámky Přeloženo z angličtiny
500 ## - Všeobecná poznámka
Text obecné poznámky Obálkový podnázev: román
500 ## - Všeobecná poznámka
Text obecné poznámky Na titulním listě uvedena edice Kontrast, v tiráži uvedena edice Fobos
520 2# - Anotace
Anotace, atd. V Kalifornii, v zařízení nazývaném Maková pole, je poskytována naděje těm, kteří mají zlomená srdce. Pomocí nové technologie je možné usnout a prospat se až k vyléčení. Ale pouze pokud jste schopni akceptovat poteciálně temné vedlejší účinky.
Rozšířený text anotace V poušti na jihu Kalifornie se nachází klinika specializovaná na jediný druh terapie - léčivý spánek určený těm, kteří truchlí pro své blízké. Tato klinika se nazývá Maková pole. Není snad nikdo, komu by se bolestné ztráty v životě vyhnuly, kdo by nepoznal, jaké je to přijít o milovaného člověka, jaké je být zdrcený žalem, truchlit s pocitem, že všechno ztratilo smysl, že mu došly síly, že už nemůže dál. Stačí si podat žádost a budete-li schváleni jako vhodní adepti, můžete si obléknout červené pyžamo a ulehnout na lůžko v Makových polích, kde prospíte jeden až dva měsíce, a až se probudíte, budete mít akutní fázi truchlení za sebou. Bude vám lehčeji a život půjde dál. Tedy pokud nebudete zrovna patřit k těm smolařům, které postihl vedlejší účinek. Nakladatelská anotace. Kráceno.
655 #7 - Rejstříkový termín - žánr/forma
Žánr/forma či základní termín americké romány
655 #7 - Rejstříkový termín - žánr/forma
Žánr/forma či základní termín vědecko-fantastické romány
-- 364
655 #9 - Rejstříkový termín - žánr/forma
Žánr/forma či základní termín American fiction
655 #9 - Rejstříkový termín - žánr/forma
Žánr/forma či základní termín science fiction novels
-- 365
700 1# - Vedlejší záhlaví - osobní jméno autora
Osobní jméno Faltejsková, Lenka,
Datumy související se jménem 1974-
Kód role aut
9 (RLIN) 5586
710 2# - Vedlejší záhlaví - jméno korporativního autora
Jméno korporace nebo jurisdikce Dobrovský (firma)
Kód role pbl
9 (RLIN) 20424
910 ## - Údaje o vlastníkovi jednotky (exempláře)
Sigla vlastníka jednotky ABG508
Jednotky
Stav ztráty Zdroj klasifikace pro skladování Stav poškození
  Universal Decimal Classification  

Používáme knihovní systém Koha